Devine l'auteur...(sciences sociales) - Statistiques

Statistiques générales
  • Ce quiz a été pris 35 fois
  • Le résultat moyen est 9 sur 15
Statistiques - réponses
Hint Réponse % Correct
La distinction ( sociologie ) Bourdieu
87%
Le capital (économie) Marx
87%
De la division du travail social (sociologie) Durkheim
73%
Déclaration des droits de la femme et de la citoyenne De Gouges
70%
Le Prince (Traité politique) Machiavel
70%
La richesse des nations (économie) Smith
70%
Les origines du totalitarisme (philosophie politique) Arendt
67%
Le deuxième sexe (philoophie, études sur le genre) Beauvoir
67%
Léviathan (philosophie politique) Hobbes
63%
Emile ou De l'Education (philosophie/éducation) Rousseau
60%
Théorie générale de l'emploi, de l'intérêt et de la monnaie Keynes
47%
Trouble dans le genre (études sur le genre) Butler
43%
Essai sur le principe de population (économie) Malthus
37%
Femmes, race et classe (histoire/sciences humaines) Davis
33%
La méditerranée (histoire) Braudel
10%
Aucun quiz correspondant
Distribution des résultats
% des personnes avec chaque résultat
Percentile par nombre de réponses
Votre historique - résultats
Vous n’avez pas pris ce quiz